000 01507cam a2200385 a 4500
001 EDZ0000063679
003 StDuBDS
005 20161031105133.0
006 m||||||||d||||||||
007 cr |||||||||||
008 120319s2005 caua fo| 001|0|eng d
020 _a9781452233833 (ebook) :
_cNo price
040 _aStDuBDS
_beng
_cStDuBDS
_epn
049 _aAlfaisal Main Library
050 0 _aHQ1090
_b.H33 2005
082 0 4 _a305.31
_223
245 0 0 _aHandbook of studies on men & masculinities
_h[electronic resource] /
_cedited by Michael S. Kimmel, Jeff Hearn, R.W. Connell.
260 _aThousand Oaks, Calif. ;
_aLondon :
_bSAGE,
_cc2005.
300 _a1 online resource (505 p.) :
_bill.
504 _aIncludes bibliographical references and index.
520 8 _aThe handbook provides a broad view of masculinities primarily across the social sciences, but including important debates in areas of the humanities & natural sciences.
521 _aSpecialized.
588 _aDescription based on print version record.
650 0 _aMen
_xSocial conditions.
650 0 _aMasculinity.
650 0 _aSex role.
655 7 _aElectronic books.
_2local
700 1 _aKimmel, Michael S.
700 1 _aHearn, Jeff,
_d1947-
700 1 _aConnell, Raewyn,
_d1944-
710 2 _aSage eBooks
776 0 8 _iPrint version :
_z9780761923695
856 4 0 _uhttp://ezproxy.alfaisal.edu/login?url=http://sk.sagepub.com/reference/handbook-of-studies-on-men-and-masculinities
942 _2lcc
_cEBOOKS
999 _c480113
_d480113